Movie by Picture of Oscar-Winning Actor - Statistics

General Stats
  • This quiz has been taken 39 times
    21 since last reset
  • The average score is 52 of 99
Answer Stats
Picture Answer % Correct
American Beauty
100%
Forrest Gump
100%
Gladiator
100%
Joker
100%
Lincoln
100%
Oppenheimer
100%
The Pianist
100%
The Revenant
100%
The Silence of the Lambs
100%
The Whale
100%
Bohemian Rhapsody
93%
Gandhi
93%
Life is Beautiful
93%
Ray
93%
The Godfather
93%
The King's Speech
93%
King Richard
87%
Manchester by the Sea
87%
Mystic River
87%
Philadelphia
87%
Rain Man
87%
There Will Be Blood
87%
Amadeus
80%
Kramer vs. Kramer
80%
Milk
80%
One Flew Over the Cuckoo's Nest
80%
The Artist
80%
The Father
80%
As Good as It Gets
73%
Ben-Hur
73%
Darkest Hour
73%
Leaving Las Vegas
73%
The Brutalist
73%
The Last King of Scotland
73%
The Theory of Everything
73%
Dallas Buyers Club
67%
Patton
67%
Raging Bull
67%
The King and I
67%
Wall Street
67%
Capote
60%
On the Waterfront
60%
Scent of a Woman
60%
Training Day
60%
My Left Foot
53%
On Golden Pond
53%
Shine
53%
To Kill a Mockingbird
53%
Crazy Heart
47%
Cyrano de Bergerac
47%
Network
47%
The African Queen
47%
The Bridge on the River Kwai
47%
The French Connection
47%
True Grit
47%
Coming Home
40%
Hamlet
40%
High Noon
40%
Marty
40%
My Fair Lady
40%
The Private Life of Henry VIII
40%
A Man for All Seasons
33%
In the Heat of the Night
33%
Kiss of the Spider Woman
33%
Lilies of the Field
33%
Reversal of Fortune
33%
The Color of Money
33%
The Goodbye Girl
33%
Cat Ballou
27%
Dr. Jekyll and Mr. Hyde
27%
Going My Way
27%
Harry and Tonto
27%
It Happened One Night
27%
Tender Mercies
27%
The Lost Weekend
27%
Yankee Doodle Dandy
27%
Boys Town
20%
Disraeli
20%
Elmer Gantry
20%
Goodbye, Mr. Chips
20%
Judgment at Nuremberg
20%
Separate Tables
20%
Stalag 17
20%
A Double Life
13%
A Free Soul
13%
All the King's Men
13%
Captains Courageous
13%
Charly
13%
In Old Arizona
13%
Save the Tiger
13%
Sergeant York
13%
The Best Years of Our Lives
13%
The Champ
13%
The Informer
13%
The Last Command
13%
The Philadelphia Story
13%
The Way of All Flesh
13%
The Story of Louis Pasteur
7%
Watch on the Rhine
7%
No matching quizzes found
Score Distribution
Percent of People with Each Score
Percentile by Number Answered
Your Score History
You have not taken this quiz since the last reset